Сверхскопление Шепли - крупнейший архипелаг галактик; Природа; № 1

Bibliografiset tiedot
Parent link:Природа: естественно-научный журнал/ Российская Академия наук.— , 1912-.— 0032-874X
№ 1.— 2003.— с. 63-65
Päätekijä: Сурдин В. Г.
Kieli:venäjä
Julkaistu: 2003
Sarja:Резонанс
Aiheet:
Aineistotyyppi: MixedMaterials Kirjan osa
KOHA link:https://koha.lib.tpu.ru/cgi-bin/koha/opac-detail.pl?biblionumber=384195

MARC

LEADER 00000naa2a2200000 4500
001 384195
005 20231101063229.0
035 |a (RuTPU)RU\TPU\prd\10689 
090 |a 384195 
100 |a 20030217a2003 k y0rusy50 ca 
101 0 |a rus 
102 |a RU 
200 1 |a Сверхскопление Шепли - крупнейший архипелаг галактик  |f В. Г. Сурдин 
225 1 |a Резонанс 
320 |a Библиогр.: 1 назв. 
461 1 |0 (RuTPU)RU\TPU\prd\304  |x 0032-874X  |t Природа  |o естественно-научный журнал  |f Российская Академия наук  |d 1912- 
463 1 |0 (RuTPU)RU\TPU\prd\72966  |t № 1  |v с. 63-65  |d 2003 
610 1 |a астрономия 
610 1 |a сверхскопление Шепли 
610 1 |a галактики 
610 1 |a Вселенная 
700 1 |a Сурдин  |b В. Г. 
801 1 |a RU  |b 63413507  |c 20030217  |g PSBO 
801 2 |a RU  |b 63413507  |c 20100119  |g RCR 
942 |c BK